[Event "Titled Tuesday intern op 16th Jan Early"]
[Site "Chess.com INT"]
[Date "2024.01.16"]
[Round "4"]
[White "De Pablo Pena, Miguel Angel"]
[Black "Carrasco Miranda, Andres"]
[Result "1-0"]
[WhiteElo "1577"]
[BlackElo "2234"]
[PlyCount "111"]
[EventDate "2024.01.16"]
[EventType "swiss (blitz)"]
[EventRounds "11"]
[EventCountry "USA"]
[SourceTitle "CB04_2024"]
[SourceDate "2023.10.16"]
[SourceVersion "1"]
[SourceVersionDate "2023.10.16"]
[SourceQuality "1"]

1. e4 e5 2. Nf3 Nc6 3. d4 exd4 4. Bc4 Bc5 5. c3 Nf6 6. 0-0 Nxe4 7. cxd4 d5 8. dxc5 dxc4 9. Qe2 Qd3 10. Re1 f5 11. Nc3 Qxe2 12. Rxe2 0-0 13. Nxe4 fxe4 14. Rxe4 b5 15. cxb6 cxb6 16. Rxc4 Bb7 17. Bg5 Rae8 18. h4 h6 19. Be3 Na5 20. Rc7 Bxf3 21. gxf3 Rf7 22. Rac1 Ree7 23. Rc8+ Kh7 24. b4 Nb7 25. Rd1 Rd7 26. Re1 Nd6 27. Rc6 Nf5 28. h5 Nh4 29. Rec1 Nxf3+ 30. Kg2 Ne5 31. Rc8 Ng4 32. R1c3 Nf6 33. a4 Nxh5 34. a5 bxa5 35. bxa5 Nf6 36. Rb8 Nd5 37. Rcc8 Nxe3+ 38. fxe3 Rd5 39. Rh8+ Kg6 40. Rbc8 Rg5+ 41. Kh3 Rxa5 42. Rc6+ Rf6 43. Rc4 Rh5+ 44. Kg3 Rg5+ 45. Kh4 a5 46. Ra8 Rf3 47. Rc6+ Kh7 48. Rcc8 Rf6 49. Rh8+ Kg6 50. Rab8 a4 51. Ra8 Rf1 52. Ra6+ Kf5 53. Rf8+ Ke4 54. Rxf1 Kxe3 55. Rxa4 Ke2 56. Rb1 1-0

[Event "Titled Tuesday intern op 16th Jan Early"]
[Site "Chess.com INT"]
[Date "2024.01.16"]
[Round "9"]
[White "De Pablo Pena, Miguel Angel"]
[Black "Skiadopoulos, Nikolaos"]
[Result "1-0"]
[WhiteElo "1577"]
[BlackElo "1854"]
[PlyCount "51"]
[EventDate "2024.01.16"]
[EventType "swiss (blitz)"]
[EventRounds "11"]
[EventCountry "USA"]
[SourceTitle "CB04_2024"]
[SourceDate "2023.10.16"]
[SourceVersion "1"]
[SourceVersionDate "2023.10.16"]
[SourceQuality "1"]

1. e4 c5 2. Nc3 Nc6 3. f4 e6 4. Nf3 a6 5. a4 d6 6. g3 Be7 7. Bg2 Nf6 8. 0-0 0-0 9. d3 Bd7 10. Ne2 b5 11. h3 b4 12. g4 Ne8 13. Ng3 a5 14. g5 f6 15. h4 e5 16. f5 Nd4 17. Nxd4 cxd4 18. g6 h6 19. Qh5 d5 20. Bxh6 gxh6 21. Qxh6 Rf7 22. gxf7+ Kxf7 23. Qg6+ Kf8 24. h5 Nd6 25. h6 Bc6 26. h7 1-0

[Event "Titled Tuesday intern op 16th Jan Early"]
[Site "Chess.com INT"]
[Date "2024.01.16"]
[Round "6"]
[White "Esmeraldas Huachi, Anderson Yahir"]
[Black "De Pablo Pena, Miguel Angel"]
[Result "1-0"]
[WhiteElo "2153"]
[BlackElo "1577"]
[PlyCount "101"]
[EventDate "2024.01.16"]
[EventType "swiss (blitz)"]
[EventRounds "11"]
[EventCountry "USA"]
[SourceTitle "CB04_2024"]
[SourceDate "2023.10.16"]
[SourceVersion "1"]
[SourceVersionDate "2023.10.16"]
[SourceQuality "1"]

1. d4 c5 2. d5 d6 3. c4 b5 4. cxb5 a6 5. bxa6 Bxa6 6. Nc3 Nf6 7. g3 g6 8. Bg2 Bg7 9. Nf3 0-0 10. 0-0 Nbd7 11. Rb1 Qa5 12. Bd2 Nb6 13. a4 Nc4 14. Be1 Rfb8 15. b3 Ne5 16. Nxe5 dxe5 17. d6 Bb7 18. Nd5 Qd8 19. dxe7 Qe8 20. Nc7 Qxe7 21. Nxa8 Bxg2 22. Kxg2 Rxa8 23. f3 h5 24. e4 Rd8 25. Qc2 h4 26. Bf2 hxg3 27. hxg3 Rc8 28. b4 c4 29. b5 Nh5 30. Be3 c3 31. b6 f5 32. exf5 Qd6 33. fxg6 e4 34. b7 Qxg3+ 35. Kh1 Rb8 36. Qh2 Qxh2+ 37. Kxh2 Be5+ 38. Kh1 Ng3+ 39. Kg2 c2 40. Rb5 Nxf1 41. Kxf1 Bd4 42. Bc1 e3 43. a5 Kg7 44. a6 Kxg6 45. Ke2 Ba7 46. Rb2 Kf5 47. Rxc2 Ke5 48. Bxe3 Bxe3 49. Kxe3 Re8 50. a7 Kd5+ 51. Kf2 1-0

[Event "Titled Tuesday intern op 09th Jan Early"]
[Site "Chess.com INT"]
[Date "2024.01.09"]
[Round "7"]
[White "Hercegovac, Neven"]
[Black "De Pablo Pena, Miguel Angel"]
[Result "1-0"]
[WhiteElo "2301"]
[BlackElo "1577"]
[PlyCount "85"]
[EventDate "2024.01.09"]
[EventType "swiss (blitz)"]
[EventRounds "11"]
[EventCountry "USA"]
[SourceTitle "CB03_2024"]
[SourceDate "2024.01.17"]
[SourceVersion "1"]
[SourceVersionDate "2024.01.17"]
[SourceQuality "1"]

1. d4 c5 2. d5 d6 3. e4 Nf6 4. Nc3 g6 5. Be2 Bg7 6. Nf3 0-0 7. Nd2 e6 8. 0-0 exd5 9. exd5 Nbd7 10. Nc4 Nb6 11. Ne3 Re8 12. a4 a5 13. h3 Re5 14. f4 Re8 15. Kh1 Ne4 16. Nxe4 Rxe4 17. c3 Qh4 18. f5 Be5 19. Ng4 Rxg4 20. Bxg4 Qg3 21. Kg1 Qh2+ 22. Kf2 Bg3+ 23. Kf3 gxf5 24. Bh5 Be5 25. Qe1 Bf6 26. Bf4 Qxf4+ 27. Kxf4 Nxd5+ 28. Kf3 Bd7 29. c4 Nb4 30. Rd1 Bc6+ 31. Kf4 Be5+ 32. Kxf5 Bd7+ 33. Kg5 Kh8 34. Bxf7 Rf8 35. g4 Nc6 36. Kh4 Nd4 37. Rxd4 cxd4 38. Bd5 Bf6+ 39. g5 Bxg5+ 40. Kxg5 Re8 41. Qxe8+ Bxe8 42. Rf8+ Kg7 43. Rg8# 1-0

[Event "Madrid Los Angeles op 10th"]
[Site "Madrid"]
[Date "2016.04.24"]
[Round "4"]
[White "De Pablo Pena, Miguel Angel"]
[Black "Jimenez Manzano, Emiliano"]
[Result "0-1"]
[WhiteElo "1585"]
[BlackElo "1577"]
[PlyCount "117"]
[EventDate "2016.04.03"]
[EventType "swiss"]
[EventRounds "9"]
[EventCountry "ESP"]
[SourceTitle "CBM 172 Extra"]
[Source "ChessBase"]
[SourceDate "2016.06.21"]
[SourceVersion "1"]
[SourceVersionDate "2016.06.21"]
[SourceQuality "1"]

1. d4 e6 2. c4 d5 3. Nc3 Bb4 4. Nf3 Ne7 5. h3 Bxc3+ 6. bxc3 dxc4 7. e4 b5 8. a4 c6 9. Be2 Nd7 10. 0-0 Nf6 11. Qc2 Bb7 12. Bf4 a6 13. Rfd1 Nh5 14. Be3 Nf6 15. Ne5 Ng6 16. Bg5 Qc7 17. Ng4 Nxg4 18. Bxg4 0-0 19. Be3 e5 20. d5 cxd5 21. exd5 Qd6 22. Bf3 Nf4 23. Bc1 Rfd8 24. Ba3 Qd7 25. Be4 g6 26. d6 Bxe4 27. Qxe4 Nd3 28. Rxd3 cxd3 29. Qxe5 Qe6 30. Qxe6 fxe6 31. Rd1 Rac8 32. Rxd3 bxa4 33. f4 Kf7 34. Kf2 Ke8 35. Ke3 Rc4 36. g3 Kd7 37. Kd2 a5 38. Re3 Rdc8 39. h4 R8c5 40. Rd3 Rd5 41. Kc2 Rxd3 42. Kxd3 Rc8 43. Kc2 Rb8 44. Bc5 Rb5 45. Ba3 Kc6 46. g4 Rb3 47. Bb2 Kxd6 48. Ba1 Kd5 49. Kd3 Rb1 50. c4+ Kd6 51. Be5+ Ke7 52. Kc2 Rh1 53. c5 Kd7 54. Kb2 Rh3 55. g5 Kc6 56. Bd6 Rb3+ 57. Ka2 Rc3 58. Bf8 Rxc5 59. Ka3 0-1

[Event "Madrid Los Angeles op 10th"]
[Site "Madrid"]
[Date "2016.04.03"]
[Round "1"]
[White "Fernandez Sanchez, Lorenzo"]
[Black "De Pablo Pena, Miguel Angel"]
[Result "1/2-1/2"]
[WhiteElo "1835"]
[BlackElo "1585"]
[PlyCount "217"]
[EventDate "2016.04.03"]
[EventType "swiss"]
[EventRounds "9"]
[EventCountry "ESP"]
[SourceTitle "CBM 172 Extra"]
[Source "ChessBase"]
[SourceDate "2016.06.21"]
[SourceVersion "1"]
[SourceVersionDate "2016.06.21"]
[SourceQuality "1"]

1. e4 c5 2. Nf3 Nc6 3. b3 d6 4. Bb2 Nf6 5. Bxf6 exf6 6. Nc3 f5 7. Qe2 fxe4 8. Qxe4+ Qe7 9. Qxe7+ Bxe7 10. Nd5 Bd8 11. 0-0-0 0-0 12. d4 Bg4 13. dxc5 Bxf3 14. gxf3 dxc5 15. f4 Nd4 16. c3 Nf5 17. Bd3 Ne7 18. Nxe7+ Bxe7 19. Be4 Bf6 20. Kc2 Rab8 21. Rd7 Rfe8 22. f3 Re7 23. Rhd1 g6 24. Rxe7 Bxe7 25. Rd7 Kf8 26. Bxb7 a5 27. Bd5 Rd8 28. Rxd8+ Bxd8 29. Kd3 Bc7 30. Ke4 Ke7 31. h3 f5+ 32. Ke3 h6 33. Bg8 Kf6 34. Bd5 Ke7 35. Bc6 Bb8 36. Bb5 Bc7 37. Bc4 Bb8 38. Bd3 Bc7 39. Bc4 Bb8 40. Bg8 Bc7 41. Kd3 Bxf4 42. Kc4 Bd2 43. Kxc5 Bxc3 44. a3 Bb2 45. Kb5 Bxa3 46. Kxa5 g5 47. b4 Kd6 48. b5 Kc7 49. b6+ Kb8 50. Be6 f4 51. Kb5 Be7 52. Bd5 h5 53. Kc4 h4 54. Bc6 Bd8 55. Kc5 Be7+ 56. Kb5 Bd8 57. Be4 Bf6 58. Kc6 Bd8 59. Bd5 Bf6 60. Kd7 Bd4 61. Kc6 Bf6 62. Be6 Bd8 63. Bf5 Bf6 64. Be4 Bd8 65. b7 Bf6 66. Kd7 Be5 67. Kc6 Bf6 68. Kd6 Bd8 69. Ke6 Kc7 70. Kf7 Kb8 71. Ke8 Bf6 72. Kf7 Bd8 73. Ke6 Kc7 74. Bd5 Kb8 75. Kf7 Kc7 76. Kf8 Kb8 77. Ke8 Bf6 78. Kd7 Be5 79. Bc6 Bf6 80. Be4 Be5 81. Ke7 Bc7 82. Kf6 Bd8+ 83. Ke6 Kc7 84. Kf7 Kb8 85. Ke8 Bf6 86. Kd7 Be5 87. Ke7 Bc7 88. Bc6 Be5 89. Kf8 Bf6 90. Kf7 Bd8 91. Bd5 Kc7 92. Bc6 Kb8 93. Ke6 Kc7 94. Ke5 Kb8 95. Kd6 Bf6 96. Kd7 Be5 97. Kd8 Bf6+ 98. Ke8 Kc7 99. Kf7 Bd8 100. Ke6 Kb8 101. Kd6 Bf6 102. Kd5 Bd8 103. Ke5 Kc7 104. Ke6 Kb8 105. Kf5 Kc7 106. Kg6 Kb8 107. Kf7 Kc7 108. Ke6 Kb8 109. Kd6 1/2-1/2

[Event "Madrid Codes Memorial 7th"]
[Site "Madrid"]
[Date "2013.06.02"]
[Round "9"]
[White "De Pablo Pena, Miguel Angel"]
[Black "Magan Gonzalez, Alberto"]
[Result "0-1"]
[WhiteElo "1635"]
[BlackElo "1855"]
[PlyCount "84"]
[EventDate "2013.04.07"]
[EventType "swiss"]
[EventRounds "9"]
[EventCountry "ESP"]
[SourceTitle "EXT 2014"]
[Source "ChessBase"]
[SourceDate "2013.11.20"]
[SourceVersion "1"]
[SourceVersionDate "2013.11.20"]
[SourceQuality "1"]

1. d4 Nf6 2. c4 e6 3. Nf3 c5 4. Nc3 cxd4 5. Nxd4 d6 6. e4 Be7 7. Be2 Nc6 8. 0-0 Bd7 9. Be3 a6 10. a3 Rc8 11. f4 Qc7 12. b4 Nxd4 13. Qxd4 e5 14. Qd3 0-0 15. Nd5 Nxd5 16. exd5 b5 17. Rac1 bxc4 18. Qxc4 Qxc4 19. Bxc4 Bb5 20. Bxb5 axb5 21. fxe5 dxe5 22. Bc5 Bg5 23. Rcd1 Rfd8 24. g3 Rd7 25. d6 Bd8 26. Rf3 Rc6 27. Kf2 f6 28. g4 Kf7 29. h4 Ke6 30. Ke3 Bb6 31. Rc1 Ba7 32. Ke4 Bb8 33. g5 Bxd6 34. gxf6 Bxc5 35. Rxc5 Rxc5 36. bxc5 gxf6 37. Rc3 f5+ 38. Kf3 Rc7 39. h5 Kd5 40. Ke3 Rxc5 41. Rd3+ Ke6 42. Rb3 Kf6 0-1

[Event "Madrid Codes Memorial 7th"]
[Site "Madrid"]
[Date "2013.05.26"]
[Round "8"]
[White "Fernandez Bonilla, Miguel Arcangel"]
[Black "De Pablo Pena, Miguel Angel"]
[Result "0-1"]
[WhiteElo "1769"]
[BlackElo "1635"]
[PlyCount "110"]
[EventDate "2013.04.07"]
[EventType "swiss"]
[EventRounds "9"]
[EventCountry "ESP"]
[SourceTitle "EXT 2014"]
[Source "ChessBase"]
[SourceDate "2013.11.20"]
[SourceVersion "1"]
[SourceVersionDate "2013.11.20"]
[SourceQuality "1"]

1. Nf3 Nf6 2. c4 g6 3. d4 Bg7 4. Nc3 d6 5. e4 0-0 6. Be2 e5 7. 0-0 Nc6 8. d5 Ne7 9. b4 c6 10. Ba3 Ne8 11. Qb3 Kh8 12. c5 cxd5 13. exd5 a6 14. Rad1 b5 15. Bb2 h6 16. a4 bxa4 17. Nxa4 Rb8 18. Nb6 Rxb6 19. cxb6 Qxb6 20. Nd2 Bb7 21. Nc4 Qd8 22. Ne3 f5 23. f4 Qb6 24. Kh1 e4 25. Bxg7+ Kxg7 26. Bc4 Nf6 27. Rd2 Rb8 28. Rb1 h5 29. Qc3 Kf7 30. Qd4 Qxd4 31. Rxd4 Nd7 32. Rdd1 Nb6 33. Rbc1 Rc8 34. Bb3 Rxc1 35. Rxc1 Bxd5 36. Bxd5+ Nbxd5 37. Nxd5 Nxd5 38. Rc6 Ke6 39. g3 Nxb4 40. Rb6 a5 41. Rb5 Nc6 42. Kg2 d5 43. Kf2 Kd6 44. Ke3 a4 45. Rb1 d4+ 46. Kd2 Kc5 47. Ra1 Kb5 48. Rc1 a3 49. Kc2 Nb4+ 50. Kb3 a2 51. Rd1 d3 52. Kb2 e3 53. Ra1 e2 54. Kc3 Kc5 55. h3 Nc2 0-1

[Event "Madrid Codes Memorial 7th"]
[Site "Madrid"]
[Date "2013.04.28"]
[Round "4"]
[White "Lopez Andujar Ocana, Ramon"]
[Black "De Pablo Pena, Miguel Angel"]
[Result "1-0"]
[WhiteElo "1684"]
[BlackElo "1635"]
[PlyCount "179"]
[EventDate "2013.04.07"]
[EventType "swiss"]
[EventRounds "9"]
[EventCountry "ESP"]
[SourceTitle "EXT 2014"]
[Source "ChessBase"]
[SourceDate "2013.11.20"]
[SourceVersion "1"]
[SourceVersionDate "2013.11.20"]
[SourceQuality "1"]

1. e4 c5 2. Nf3 Nc6 3. d4 cxd4 4. Nxd4 Nf6 5. Nc3 e5 6. Nde2 Bb4 7. a3 Ba5 8. b4 Bb6 9. h3 Nd4 10. Be3 Qc7 11. Qd3 Ne6 12. Nb5 Qc6 13. Nd6+ Kf8 14. Bxb6 Qxb6 15. c3 Ke7 16. Nf5+ Kf8 17. g3 g6 18. Nd6 Ng5 19. Bg2 Ke7 20. h4 Nf3+ 21. Bxf3 Qxd6 22. Qxd6+ Kxd6 23. 0-0-0+ Ke7 24. c4 b6 25. Kb2 Bb7 26. Nc3 Rac8 27. Kb3 Rc7 28. Nb5 Rc6 29. Nxa7 Re6 30. Rhe1 h5 31. Bg2 Ng4 32. f3 Nh6 33. Rd2 f5 34. Bh3 d6 35. Nb5 Rf6 36. exf5 gxf5 37. f4 e4 38. Red1 Nf7 39. Nd4 Nh6 40. Re2 Rg8 41. Re3 d5 42. c5 bxc5 43. bxc5 Rc8 44. Kb4 Bc6 45. Nxc6+ Rfxc6 46. Rxd5 Ke6 47. Re5+ Kf6 48. Kb5 Ng4 49. Bxg4 hxg4 50. a4 R6c7 51. Kb6 Rc6+ 52. Kb5 R6c7 53. Kc4 Ra8 54. Ra3 Rca7 55. c6 Rc7 56. Kb5 Rb8+ 57. Kc5 Rbc8 58. Kb5 Rxc6 59. a5 R6c7 60. a6 Rb8+ 61. Ka5 Ra7 62. Rc3 Rb1 63. Rc6+ Kg7 64. Rxf5 Ra1+ 65. Kb5 Rb1+ 66. Ka5 Ra1+ 67. Kb4 Rb1+ 68. Ka3 Ra1+ 69. Kb2 R1xa6 70. Rxa6 Rxa6 71. Rg5+ Kh6 72. Rxg4 Re6 73. Kc2 e3 74. Kd1 e2+ 75. Ke1 Re3 76. Rg5 Re4 77. Re5 Ra4 78. Kxe2 Ra2+ 79. Kf3 Ra3+ 80. Re3 Ra1 81. Kg4 Ra8 82. Re6+ Kg7 83. Kg5 Ra5+ 84. f5 Ra3 85. g4 Kf7 86. h5 Ra8 87. h6 Rg8+ 88. Rg6 Ra8 89. h7 Rb8 90. Rg8 1-0

[Event "Madrid Codes Memorial 7th"]
[Site "Madrid"]
[Date "2013.04.21"]
[Round "3"]
[White "De Pablo Pena, Miguel Angel"]
[Black "Campo Garcia, Carlos"]
[Result "0-1"]
[WhiteElo "1635"]
[BlackElo "1755"]
[PlyCount "90"]
[EventDate "2013.04.07"]
[EventType "swiss"]
[EventRounds "9"]
[EventCountry "ESP"]
[SourceTitle "EXT 2014"]
[Source "ChessBase"]
[SourceDate "2013.11.20"]
[SourceVersion "1"]
[SourceVersionDate "2013.11.20"]
[SourceQuality "1"]

1. d4 Nf6 2. c4 e6 3. Nf3 Bb4+ 4. Nc3 Nc6 5. a3 Bxc3+ 6. bxc3 h6 7. Qc2 b6 8. e4 d6 9. Bd3 0-0 10. 0-0 Ba6 11. d5 Na5 12. Nd2 e5 13. a4 Bc8 14. Nb3 Nxb3 15. Qxb3 a5 16. f4 exf4 17. Bxf4 Re8 18. Rae1 Nd7 19. Qc2 Ne5 20. Bxe5 Rxe5 21. Qf2 Qe7 22. Re3 Bg4 23. Rg3 Bh5 24. Qf6 Qxf6 25. Rxf6 Bg6 26. Rf4 Rae8 27. Re3 f5 28. Kf2 fxe4 29. Bc2 Rf8 30. Kg3 Rg5+ 31. Rg4 Rxg4+ 32. Kxg4 Rf2 33. Bxe4 Bxe4 34. Rxe4 Rxg2+ 35. Kh3 Rc2 36. Re3 Kf7 37. Kg3 Kf6 38. h4 g6 39. Rf3+ Ke5 40. Re3+ Kf5 41. Rf3+ Ke4 42. Rf4+ Kd3 43. Rf7 Rxc3 44. Rxc7 Kd4+ 45. Kf2 Rxc4 0-1

[Event "Madrid Codes Memorial 7th"]
[Site "Madrid"]
[Date "2013.04.07"]
[Round "1"]
[White "Lopez Ziegler, Carlos"]
[Black "De Pablo Pena, Miguel Angel"]
[Result "1-0"]
[WhiteElo "1913"]
[BlackElo "1635"]
[PlyCount "53"]
[EventDate "2013.04.07"]
[EventType "swiss"]
[EventRounds "9"]
[EventCountry "ESP"]
[SourceTitle "EXT 2014"]
[Source "ChessBase"]
[SourceDate "2013.11.20"]
[SourceVersion "1"]
[SourceVersionDate "2013.11.20"]
[SourceQuality "1"]

1. e4 c5 2. Nf3 Nc6 3. d4 cxd4 4. Nxd4 Nf6 5. Nc3 e5 6. Ndb5 d6 7. Bg5 a6 8. Na3 b5 9. Nd5 Be7 10. Nxe7 Qxe7 11. c3 Qe6 12. Bxb5 axb5 13. Nxb5 0-0 14. Nc7 Qd7 15. Nxa8 Nxe4 16. Nb6 Qf5 17. Be3 Ba6 18. Qa4 Nxf2 19. Qxa6 Nxh1 20. Nd5 Qe4 21. Qxc6 f5 22. Ne7+ Kf7 23. Qxe4 fxe4 24. Nd5 Rb8 25. 0-0-0 Ke6 26. c4 Rc8 27. b3 1-0

[Event "Madrid Codes op 6th"]
[Site "Madrid"]
[Date "2012.05.27"]
[Round "7.16"]
[White "Rodriguez Lopez, Canizares Francisco"]
[Black "De Pablo Pena, Miguel Angel"]
[Result "1-0"]
[WhiteElo "1644"]
[BlackElo "1608"]
[PlyCount "43"]
[EventDate "2012.04.15"]
[EventType "swiss"]
[EventRounds "9"]
[EventCountry "ESP"]
[SourceTitle "EXT 2024"]
[Source "ChessBase"]
[SourceDate "2023.10.10"]
[SourceVersion "1"]
[SourceVersionDate "2023.10.10"]
[SourceQuality "1"]

1. e4 c5 2. Nc3 Nc6 3. f4 d6 4. Nf3 Nf6 5. Bb5 a6 6. Bxc6+ bxc6 7. 0-0 g6 8. Qe1 Bg7 9. d3 0-0 10. Nh4 e6 11. Nf3 Re8 12. e5 Nd5 13. Ne4 f5 14. Nxd6 Re7 15. Qh4 Nc7 16. Ng5 h6 17. Ngf7 Qd7 18. Nxh6+ Bxh6 19. Qxh6 Rh7 20. Qxg6+ Qg7 21. Qxg7+ Rxg7 22. Be3 1-0

[Event "Madrid Codes op 6th"]
[Site "Madrid"]
[Date "2012.04.22"]
[Round "2.18"]
[White "De Pablo Pena, Miguel Angel"]
[Black "Rodriguez Dorado, Victor Manuel"]
[Result "0-1"]
[WhiteElo "1608"]
[BlackElo "1940"]
[PlyCount "70"]
[EventDate "2012.04.15"]
[EventType "swiss"]
[EventRounds "9"]
[EventCountry "ESP"]
[SourceTitle "EXT 2024"]
[Source "ChessBase"]
[SourceDate "2023.10.10"]
[SourceVersion "1"]
[SourceVersionDate "2023.10.10"]
[SourceQuality "1"]

1. Nf3 Nf6 2. c4 g6 3. Nc3 Bg7 4. e4 d6 5. d4 0-0 6. Be2 e5 7. 0-0 Nc6 8. d5 Ne7 9. Ne1 Nd7 10. Be3 f5 11. f3 f4 12. Bf2 g5 13. Nd3 b6 14. b4 Nf6 15. c5 h5 16. cxd6 cxd6 17. Rc1 Rf7 18. Nb5 Ng6 19. Rc6 Bf8 20. a4 g4 21. Qc2 Ne8 22. a5 Bd7 23. Nxa7 Rxa7 24. Bxb6 Qh4 25. Bd1 Ra8 26. g3 fxg3 27. hxg3 Qxg3+ 28. Qg2 Qxg2+ 29. Kxg2 Ne7 30. Rc3 Nf6 31. Nf2 Ng6 32. fxg4 Nf4+ 33. Kh2 hxg4 34. Rg1 Rh7+ 35. Nh3 Nxh3 0-1

[Event "Madrid Codes op 6th"]
[Site "Madrid"]
[Date "2012.04.15"]
[Round "1.9"]
[White "Tirado Parra, Alberto"]
[Black "De Pablo Pena, Miguel Angel"]
[Result "0-1"]
[WhiteElo "1880"]
[BlackElo "1608"]
[PlyCount "95"]
[EventDate "2012.04.15"]
[EventType "swiss"]
[EventRounds "9"]
[EventCountry "ESP"]
[SourceTitle "EXT 2024"]
[Source "ChessBase"]
[SourceDate "2023.10.10"]
[SourceVersion "1"]
[SourceVersionDate "2023.10.10"]
[SourceQuality "1"]

1. b4 d5 2. Bb2 Nf6 3. Nf3 a6 4. e3 Nc6 5. b5 axb5 6. Bxb5 Bd7 7. 0-0 e6 8. a4 Be7 9. c4 0-0 10. Nc3 Na5 11. cxd5 exd5 12. Ne5 c6 13. Nxd7 Qxd7 14. Be2 Rfe8 15. d3 Bd6 16. Nb1 Qe6 17. Nd2 c5 18. Qc2 d4 19. e4 Rac8 20. Rfc1 Rc6 21. Nc4 Nxc4 22. Qxc4 Qe5 23. g3 Qe7 24. Bf1 Ng4 25. Qb5 h5 26. Bg2 Rcc8 27. Rc2 Rb8 28. a5 h4 29. Ba3 hxg3 30. hxg3 Qf6 31. Raa2 Qh6 32. Bxc5 Re5 33. Qd7 Bxc5 34. Qxg4 Bb4 35. Rc8+ Rxc8 36. Qxc8+ Kh7 37. a6 bxa6 38. Rxa6 Qd2 39. Qh3+ Kg8 40. Ra8+ Bf8 41. Qc8 Qe1+ 42. Bf1 Qb4 43. Rb8 Qe7 44. Rb7 Qe8 45. Rb8 Qe7 46. Qd8 Qc5 47. Rc8 Qa3 48. Rc4 0-1

[Event "Madrid Codes Memorial 5th"]
[Site "Madrid"]
[Date "2011.06.05"]
[Round "8"]
[White "De Pablo Pena, Miguel Angel"]
[Black "Vivas Mariscal, Luis Miguel"]
[Result "1-0"]
[WhiteElo "1637"]
[BlackElo "1771"]
[PlyCount "69"]
[EventDate "2011.04.10"]
[EventType "swiss"]
[EventRounds "9"]
[EventCountry "ESP"]
[SourceTitle "EXT 2013"]
[Source "ChessBase"]
[SourceDate "2012.11.22"]
[SourceVersion "1"]
[SourceVersionDate "2012.11.22"]
[SourceQuality "1"]

1. d4 d5 2. c4 c6 3. Nf3 dxc4 4. Nc3 b5 5. e4 Nf6 6. Qc2 e6 7. Be2 h6 8. 0-0 Be7 9. a4 b4 10. Nd1 Ba6 11. Bxc4 Bxc4 12. Qxc4 Nbd7 13. Re1 c5 14. d5 exd5 15. exd5 0-0 16. Ne3 Nb6 17. Qb3 Nbxd5 18. Rd1 Qc7 19. Nxd5 Nxd5 20. Rxd5 c4 21. Qd1 Rad8 22. Be3 Rxd5 23. Qxd5 Rd8 24. Qe4 c3 25. bxc3 Qxc3 26. Rc1 b3 27. Nd4 Rxd4 28. Qxd4 Qa5 29. g3 Bf6 30. Rc8+ Kh7 31. Qd3+ g6 32. Qxb3 Qe1+ 33. Kg2 Bg7 34. Rc7 a5 35. Qxf7 1-0